000 00512nam a22001937a 4500
003 CEME
005 20210628202617.0
008 210127b xxu||||| |||| 00| 0 eng d
020 _a0-07-118186-5
040 _c.
082 _a621.815 SHI
100 _aShigley, Joseph.E:Mischke, Charles.R
_960699
245 _aMechanical engineering design
250 _a6TH
260 _aNEW YORK
_bMCGRAW HILL
_c2001
300 _aXXXI,1248P
650 _aENGINEERING DESIGN; MACHINE DESIGN
_960700
942 _cBK
_2ddc
999 _c570370
_d570370